| 000 | 02073nam a22002537a 4500 | ||
|---|---|---|---|
| 003 | DO-SdBNP | ||
| 005 | 20211115111023.0 | ||
| 007 | ta | ||
| 008 | 211115b2021 dr ||||| |||| 00| 0 spa d | ||
| 020 | _a9789945929942 | ||
| 040 |
_aDO-SdBNP _bspa _cBNPHU |
||
| 245 | 1 | 0 |
_aEllas narran / _ccompilación de Lusmerlin Lantigua. |
| 246 | 1 | 0 |
_aEllas narran : _bMuestra del Taller Literario Narradores de Santo Domingo |
| 260 |
_aSanto Domingo : _bUltimos Monstruos Editores, _c2021. |
||
| 300 |
_a161 p. ; _c19 cm. |
||
| 490 | _aMás allá del espejo | ||
| 500 | _aIncluye datos biográficos de la compiladora en la contracubierta. | ||
| 505 | 0 |
_tLa conversión de los objetos / _rYuni Ramírrez -- _tEl espejo _rMaría Luisa Tavárez -- _tGallina desplumada / _rGladys Almonte -- _tFui un lagarto / _tAdelita / _rNiurca Herrera Mejía -- _tLa cuchara de madera / _rLuisa Navarro -- _tSin comer guineo / _rSady Féliz -- _tTriálogo Cel / _rBienvenidad Mendoza Benítez -- _tTres comportamientos / _rElena Ramos Grullón -- _tUn día lluvioso / _rFania Jeanette Herrera -- _tEl traje blanco / _rFania Jeanette Herrera -- _tLa sala / _rBienvenidad Morla -- _tEl hombre sombra / _rBileysi Reyes -- _tNo me dejes por después / _rRaisa Pimentel Mendoza -- _tNota recordatoria / _rOrly Diane Rodríguez -- _tMuñeca de trapo / _r Ángela Genao -- _tLa hermandad / _rRoxanna Delgado Boyá -- _tSe supone que no sabrás / _rAna Rosa Pérez -- _tRespiró por ella / _rAna Rosa Pérez -- _tAzul / _r Águeda Pizarro -- _tEl regalo / _rMildred de los Santos -- _tRastro de animal / _rMildred de los Santos -- _tEl pilón Aníbal / _rMildred de los Santos -- _tAlgodón de nariz / _rMildred Rodríguez -- _tLos seres / _rLady Laura Liriano -- _tRemordimiento / _rMargarita Cid -- _tEl misterio de la carrtera / _rDeisy Toussaint -- _tSúperpoder inútil // _tEl próximo / _rLusmerlin Lantigua. |
|
| 590 | _aInventariado, 2021 /LP | ||
| 700 | 1 |
_aLantigua, Lusmerlin, _e compilación _977082 |
|
| 830 |
_aMás allá del espejo _980623 |
||
| 910 | _aLopérez | ||
| 942 |
_2ddc _cLBS1 |
||
| 999 |
_c50962 _d50962 |
||